Conciencia Mexicana : año 1, número 1 : primavera 1997 /

שמור ב:
מידע ביבליוגרפי
מחברים אחרים: Paula León Olea, Francisco de (edición y presentación) (edición y presentación), León, Bernardo (edición) (edición), Aveleyra, Verónica (edición) (edición), Hawkins, Paulina (traducción) (traducción)
פורמט: ספר
שפה:ספרדית
יצא לאור: México : Gabriel Ediciones, 1997
סדרה:(Conciencia Mexicana ; 1/1)
נושאים:
תגים: הוספת תג
אין תגיות, היה/י הראשונ/ה לתייג את הרשומה!

MARC

LEADER 00000nam^a2200000^a^4500
001 000617931
005 20251015000000.0
009 20260310133751.096
025 |a Donación Juan Lafarga Corona, 1 ejemplar 
037 |a Acervo Xavier Clavigero 
041 |a ESP 
091 |a FLC. 00854 
240 1 1 |a [Conciencia Mexicana] 
245 0 0 |a Conciencia Mexicana :  |b año 1, número 1 : primavera 1997 /  |c Presidente y editorial de F. de Paula León Olea ; ed. asociado B. León, V. Aveleyra ; tr. por P. Hawkins. 
246 2 |a Título en la cubierta: Conciencia Mexicana: Reflexión Colectiva, Política, Económica y Social 
264 1 |a México :  |b Gabriel Ediciones,  |c 1997 
300 |a 316 p. 
336 |a texto  |b txt  |2 rdacontenido 
337 |a sin mediación  |b n  |2 rdamedio 
338 |a volumen  |b nc  |2 rdasoporte 
440 1 |a (Conciencia Mexicana ;  |v 1/1) 
561 |a Ex libris de la Biblioteca Dr. Juan Lafarga Corona 
561 |a Ex libris del INIDH Instituto Nacional de Investigación en Desarrollo Humano 
562 |a Paginación en desorden: presenta tres veces las pp. 81-96 antes de la p. 1 
649 |a XX 
650 |a México -  |x Condiciones Políticas 
650 |a Política -  |z México -  |x Publicaciones Periódicas -  |x Tema Principal 
650 |a Política -  |z México -  |x Historia -  |y 1994-2000 -  |x Tema Principal 
650 |a Política -  |z México -  |x Historia -  |y Siglo XX 
650 |a Política -  |x Publicaciones Periódicas Mexicanas 
650 |a Política -  |x Publicaciones Periódicas -  |x Tema Principal 
650 |a Publicaciones Periódicas Mexicanas 
650 |a Publicaciones Periódicas 
700 |a Paula León Olea, Francisco de  |e (edición y presentación) 
700 |a León, Bernardo  |e (edición) 
700 |a Aveleyra, Verónica  |e (edición) 
700 |a Hawkins, Paulina  |e (traducción) 
910 |a Fondo Juan Lafarga Corona S.J. 
920 |a Impresos - Libros 
930 |a Fondos Especiales 
905 |a 145 
901 |a 617931-10  |b IT2  |c ESL  |i D  |u 20250715 
902 |a https://opac.biblio.iteso.mx/vufind/Record/000617931